000 00819nac a22002657a 4500
001 BR0201419
003 BR-BrBNA
005 20240105122645.0
008 230509b bl.|||m| |||| 00| 0 por d
040 _aBR-BrBNA
_bpor
_cBiblioteca Nacional de Agricultura
072 _aE71
090 _aE71 BR0201419
100 1 _aKume, H.
100 1 _aPiani, G.
245 1 _aMERCOSUL: dilema entre a união aduaneira e área de livre-comércio
490 _aTexto para Discussão - Instituto de Pesquisa Econômica Aplicada (Brazil)
_vno. 841
_xISSN 1415-4765
500 _aSummaries (En, Pt); 14 ref.
650 _aComércio Exterior
650 _aPolítica Comercial
650 _aTarifa
650 _aAlfândega
650 _aMERCOSUL
909 _a202312
_bLúcia Elande
_c55
_dLúcia Elande
942 _2AGRIS
_n0
_cMS
999 _c292156
_d292156